20 Meilleurs buteurs Equipe de France - Statistiques

Statistiques générales
  • Ce quiz a été pris 240 fois
  • Le résultat moyen est 11 sur 20
Statistiques - réponses
Matchs Buts Ratio Buts/Matchs Joueur % Correct
90 50 0.56 Kylian Mbappé
99%
137 57 0.42 Olivier Giroud
98%
137 44 0.32 Antoine Griezmann
97%
123 51 0.41 Thierry Henry
96%
108 31 0.29 Zinédine Zidane
93%
97 37 0.38 Karim Benzema
84%
72 41 0.57 Michel Platini
82%
71 34 0.48 David Trezeguet
73%
21 30 1.43 Just Fontaine
68%
54 30 0.56 Jean-Pierre Papin
59%
81 16 0.20 Franck Ribéry
55%
45 18 0.40 Raymond Kopa
47%
82 28 0.34 Youri Djorkaeff
38%
45 20 0.44 Eric Cantona
37%
92 26 0.28 Sylvain Wiltord
34%
37 18 0.49 Roger Piantoni
6%
46 22 0.48 Jean Vincent
4%
32 19 0.59 Jean Baratte
2%
25 21 0.84 Jean Nicolas
1%
35 20 0.57 Paul Nicolas
1%
Aucun quiz correspondant
Distribution des résultats
% des personnes avec chaque résultat
Percentile par nombre de réponses
Votre historique - résultats
Vous n’avez pas pris ce quiz